Statistics for Band Names: Each Letter is Switched to the One After

Click here to take the quiz!

General Stats

  • This quiz has been taken 13 times
  • The average score is 14 of 20

Answer Stats

LettersBand Name% Correct
BD~EDAC/DC
91%
OTZODNSYNC
82%
CUTBTS
82%
RvffoQueen
82%
Hsffo EbzGreen Day
73%
Pof EjsfdujpoOne Direction
73%
Mfe AfqqfmjoLed Zeppelin
73%
OjswbobNirvana
73%
XffafsWeezer
73%
CfbumftBeatles
73%
Sfe Ipu Dijmj QfqqfstRed Hot Chili Peppers
64%
Gjgui IbsnpozFifth Harmony
64%
Mzozse TlzozseLynyrd Skynyrd
64%
Qbojd@ Bu uif EjtdpPanic! At the Disco
64%
TvcmjnfSublime
64%
QbsbnpsfParamore
64%
Cpza JJ NfoBoyz II Men
64%
Tqjdf HjsmtSpice Girls
55%
6 Tfdpoet pg Tvnnfs5 Seconds of Summer
55%
Spmmjoh TupoftRolling Stones
55%

Score Distribution

Percentile by Number Answered

Percent of People with Each Score

Your Score History

You have not taken this quiz